000 00973nas a2200289 4500
001 BR2017002876
003 BR-BrBNA
005 20231205131117.0
007 ta
008 230509b bl.|||p| |||| 00| 00por d
040 _aBR-BrBNA
_bpor
_cBiblioteca Nacional de Agricultura
041 _a(Pt)
072 _aU10
100 1 _aLopes, M.L.
100 1 _aChavarette, F.R.
100 1 _aCossi, A.M.
245 1 _aAvaliação do modelo de regressão linear múltipla e redes neurais artificiais na previsão do ganho de massa em animais
650 _aMODELO MATEMÁTICO
650 _aBOVINO
650 _aRAÇÃO
650 _aANÁLISE COMPARATIVA
650 _aGANHO DE PESO
773 0 _tRevista Brasileira de Engenharia de BIossistemas (Brazil)
_xISSN 2359-6724
_g(2017), v. 11(1) p. 1-17
_wBR2017002876
856 4 0 _uhttp://seer.tupa.unesp.br/index.php/BIOENG/article/view/483/312
909 _a202311
_bLúcia
_c55
_dLúcia Elande
942 _2AGRIS
_n0
_cANA
999 _c253077
_d253077